<?xml version="1.0" encoding="UTF-8"?>
<collection xmlns="http://www.loc.gov/MARC21/slim">
<record>
  <controlfield tag="001">146547</controlfield>
  <controlfield tag="005">20241122150940.0</controlfield>
  <datafield tag="037" ind1=" " ind2=" ">
    <subfield code="a">TAZ-TFG-2024-3287</subfield>
  </datafield>
  <datafield tag="041" ind1=" " ind2=" ">
    <subfield code="a">spa</subfield>
  </datafield>
  <datafield tag="100" ind1="1" ind2=" ">
    <subfield code="a">Avilés Acero, Fabio</subfield>
  </datafield>
  <datafield tag="242" ind1="0" ind2="0">
    <subfield code="a">Emotions and motor skills. Negative emotions in different motor situations in Primary Education</subfield>
  </datafield>
  <datafield tag="245" ind1="0" ind2="0">
    <subfield code="a">Emociones y motricidad. Las emociones negativas en distintas situaciones motrices en Educación Primaria</subfield>
  </datafield>
  <datafield tag="260" ind1=" " ind2=" ">
    <subfield code="a">Zaragoza</subfield>
    <subfield code="b">Universidad de Zaragoza</subfield>
    <subfield code="c">2024</subfield>
  </datafield>
  <datafield tag="506" ind1=" " ind2=" ">
    <subfield code="a">by-nc-sa</subfield>
    <subfield code="b">Creative Commons</subfield>
    <subfield code="c">3.0</subfield>
    <subfield code="u">http://creativecommons.org/licenses/by-nc-sa/3.0/</subfield>
  </datafield>
  <datafield tag="520" ind1=" " ind2=" ">
    <subfield code="a">En esta investigación, realizada a 69 alumnos de Educación Primaria, se busca relacionar las emociones vergüenza, aburrimiento, desesperación y ansiedad con los dominios de acción individual, de oposición y artístico expresiva, de modo que se obtenga mediante el test SEPE (Scale of Emotional States in Physical Education) los distintos valores de las emociones. Esto sirve para saber qué emociones negativas tienen mayor impacto en la clase de Educación Física y poder plantear situaciones en las que los alumnos puedan afrontarlas y aprendan a gestionarlas. Tras su aplicación, se ha observado que el alumnado no tiene valores elevados para estas emociones, aunque va aumentando con la edad. Dentro de los valores dados, la ansiedad es la emoción que predomina en los tres dominios de acción motriz, con el aburrimiento en segundo lugar. Para que estas emociones se puedan gestionar correctamente, es necesario que el alumnado cree unas expectativas positivas pero razonables para su rendimiento en las tareas, además de ponerlo en situaciones donde se requieran interacciones interpersonales para que pueda aprender a gestionar sus emociones e identificar las de los otros.&lt;br /></subfield>
  </datafield>
  <datafield tag="521" ind1=" " ind2=" ">
    <subfield code="a">Graduado en Magisterio en Educación Primaria</subfield>
  </datafield>
  <datafield tag="540" ind1=" " ind2=" ">
    <subfield code="a">Derechos regulados por licencia Creative Commons</subfield>
  </datafield>
  <datafield tag="856" ind1="0" ind2=" ">
    <subfield code="f">702168@unizar.es</subfield>
  </datafield>
  <datafield tag="856" ind1="4" ind2=" ">
    <subfield code="s">2323787</subfield>
    <subfield code="u">http://zaguan.unizar.es/record/146547/files/TAZ-TFG-2024-3287.pdf</subfield>
    <subfield code="y">Memoria (spa)</subfield>
  </datafield>
  <datafield tag="909" ind1="C" ind2="O">
    <subfield code="o">oai:zaguan.unizar.es:146547</subfield>
    <subfield code="p">driver</subfield>
    <subfield code="p">trabajos-fin-grado</subfield>
  </datafield>
  <datafield tag="950" ind1=" " ind2=" ">
    <subfield code="a"></subfield>
  </datafield>
  <datafield tag="691" ind1=" " ind2=" ">
    <subfield code="a">0</subfield>
  </datafield>
  <datafield tag="692" ind1=" " ind2=" ">
    <subfield code="a"></subfield>
  </datafield>
  <datafield tag="700" ind1=" " ind2=" ">
    <subfield code="a">Founaud Cabeza, María</subfield>
    <subfield code="e">dir.</subfield>
  </datafield>
  <datafield tag="710" ind1="2" ind2=" ">
    <subfield code="a">Universidad de Zaragoza</subfield>
    <subfield code="b">Expresión Musical, Plástica y Corporal</subfield>
    <subfield code="c">Didáctica de la Expresión Corporal</subfield>
  </datafield>
  <datafield tag="980" ind1=" " ind2=" ">
    <subfield code="a">TAZ</subfield>
    <subfield code="b">TFG</subfield>
    <subfield code="c">FEDU</subfield>
  </datafield>
  <datafield tag="999" ind1=" " ind2=" ">
    <subfield code="a">20240702004459.CREATION_DATE</subfield>
  </datafield>
  <datafield tag="951" ind1=" " ind2=" ">
    <subfield code="a">deposita:2024-11-22</subfield>
  </datafield>
</record>
</collection>